| 000 | 01074nam a22002297a 4500 | ||
|---|---|---|---|
| 001 | 8693 | ||
| 003 | FISKH | ||
| 005 | 20251010152446.0 | ||
| 008 | 251010b cb ||||| |||| 00| 0 eng d | ||
| 020 | _a9781574712315 | ||
| 040 |
_aFISKH _beng _cFISKH _dFISKH |
||
| 082 | _a372.6 | ||
| 100 | _aFitzpatrick, Jo | ||
| 245 |
_aPhonemic awareness / _cWritten by Jo Fitzpatrick ; Illustrator : Catherine Yuh |
||
| 260 |
_aCalifornia : _bCreative Teaching Press, _c1997. |
||
| 300 |
_a128 pages : _bcolor illustrations ; _c28 cm |
||
| 520 | _aThis book provides engaging and easy-to-use activities that help children develop phonemic awareness, a foundational skill for reading success. It focuses on identifying, segmenting, blending, and manipulating sounds in words through rhymes, chants, games, and hands-on exercises. The book is designed for teachers working with early learners or students who need additional phonics support. | ||
| 650 |
_aPhonics _vReading Skills _xPhonemic Awareness |
||
| 700 |
_aYuh, Catherine _eIllustrator |
||
| 942 |
_2ddc _cBK _n0 |
||
| 999 |
_c8693 _d8693 |
||